| 000 | 00522nam a2200145Ia 4500 | ||
|---|---|---|---|
| 008 | 100204s9999 xx 000 0 und d | ||
| 082 | _b10124 | ||
| 100 | _aदेवळे शं. रा. | ||
| 245 | _aआपले देव आपली दैवते - 4 | ||
| 260 |
_b"शकुन प्रकाशन , पुणे 30" _c1987 |
||
| 300 | _a111 | ||
| 630 | _aआपले देव आपली दैवते - 4 | ||
| 730 | _aआपले देव आपली दैवते - 4 | ||
| 942 | _cBOOK | ||
| 999 |
_c454560 _d454557 |
||